General Knowledge Quiz - Statistics

General Stats
  • This quiz has been taken 47 times
  • The average score is 9 of 15
Answer Stats
Questions Answers % Correct
What is the capital city of Norway? Oslo
84%
What year did WW2 start in? 1939
82%
How many players are in a football/soccer team? Eleven
77%
What does the Latin phrase “Carpe diem” mean in English? Seize the day
77%
How many hearts does an octopus have? Three
75%
What element on the periodic table is denoted by the symbol Pb? Lead
73%
In which US state would you find the city Boise? Idaho
70%
What is a group of crows called? A Murder
68%
Who authored the Lord of the Rings book series? J.R.R Tolkien
57%
Who played Batman in Christopher Nolan’s ‘Dark Knight’ trilogy? Christian Bale
43%
Who discovered penicillin? Alexander Fleming
39%
What are the two main ingredients in a ‘Piña Colada’? Rum and Pineapple Juice
39%
Which team won the 2010 FIFA World Cup? Spain
39%
What is the currency of Vietnam? The Vietnamese Dong
36%
What is the main language of Angola? Portugese
14%
No matching quizzes found
Score Distribution
Percent of People with Each Score
Percentile by Number Answered
Your Score History
You have not taken this quiz